000 00911cam a2200253 a 4500
001 000019076
005 20200929165920.0
008 720510s1943 ec 000 f spa d
035 _a(DLC) 58038773
035 _a(OCoLC)305679
040 _aDO-SdBNP
_bspa
_cOAU
_dDLC
_dBNPHU
082 _aE863.44
_bV473a
100 1 _aVera, Pedro Jorge,
_d1914-1999.
_941046
245 1 4 _aLos animales puros /
_cPedro Jorge Vera ; introducción Hernán Rodríguez Castelo.
260 _aQuito :
_bPublicaciones educativas "Ariel",
_c[1943].
300 _at.2 ;
_c21 cm.
490 1 _aClásicos Ariel (biblioteca de autores ecuatoriano)
_v27
500 _aLa biblioteca posee el tomo 2.
650 4 _aNovela ecuatoriana
_95017
650 4 _aLiteratura ecuatoriana
_ySIGLO XX
_914420
830 0 _aClásicos Ariel (biblioteca de autores ecuatoriano) ;
_v27
_941047
910 _aCatalogación derivada / LC
049 _aBNGR
999 _c18594
_d18594